000
00235nam a22001097a 4500
082
_a
923.595491 MUH'K
100
_a
MUHAMMAD YOUSAF
_9
15771
245
_a
SILENT SOLDIER
260
_a
LAHORE
_b
JANG
_c
1992
300
_a
115P
942
_c
BK
999
_c
572290
_d
572290